000 00846nam a2200277 i 4500
001 bg
100 1 _aKUŹNIK, Jerzy
245 1 0 _aRegulatory i układy regulacji.
250 _aWyd. 2.
260 _aGliwice :
_bWydawnictwo Politechniki Śląskiej,
_c2006.
300 _a105, [3] s. :
_bil. ;
_c24 cm.
500 _aKsiążka z serii Skrypty Uczelniane ; 2383.
504 _aBibliogr. s. 104-[106].
650 9 _aAlgorytmy
_xstosowanie
_xtechnika
650 9 _aRegulatory
655 _aPodręczniki akademickie
015 _aPB 12269/2006
020 _a8373353909
040 _cBPK
041 0 _apol
080 _a681.515:510.5](07)
920 _a83-7335-390-9
942 _cKS
008 s pl f |000 0 pol
999 _c52531
_d52531
856 _uhttp://koha.tu.koszalin.pl/cgi-bin/koha/opac-detail.pl?biblionumber=52531
_yKatalog online BPK